27 dresses (Record no. 267085)
[ view plain ]
| 000 -LEADER | |
|---|---|
| fixed length control field | 03964ngm a2200685Ia 4500 |
| 001 - CONTROL NUMBER | |
| control field | ocn226299532 |
| 003 - CONTROL NUMBER IDENTIFIER | |
| control field | OCoLC |
| 005 - DATE AND TIME OF LATEST TRANSACTION | |
| control field | 20200320182440.0 |
| 007 - PHYSICAL DESCRIPTION FIXED FIELD--GENERAL INFORMATION | |
| fixed length control field | vd cvaizs |
| 008 - FIXED-LENGTH DATA ELEMENTS--GENERAL INFORMATION | |
| fixed length control field | 080425p20082007cau111 g vleng d |
| 020 ## - INTERNATIONAL STANDARD BOOK NUMBER | |
| Terms of availability | 17.95 |
| 028 42 - PUBLISHER NUMBER | |
| Publisher number | 2251974 |
| Source | Twentieth Century Fox Home Entertainment |
| 035 ## - SYSTEM CONTROL NUMBER | |
| System control number | (OCoLC)226299532 |
| 040 ## - CATALOGING SOURCE | |
| Original cataloging agency | TLM |
| Transcribing agency | TLM |
| Modifying agency | WACOL |
| 041 1# - LANGUAGE CODE | |
| Language code of text/sound track or separate title | eng |
| Language code of summary or abstract/overprinted title or subtitle | spa |
| -- | chi |
| -- | kor |
| Language code of original and/or intermediate translations of text | eng |
| 049 ## - LOCAL HOLDINGS (OCLC) | |
| Holding library | WACL |
| 092 ## - LOCALLY ASSIGNED DEWEY CALL NUMBER (OCLC) | |
| Classification number | DVD Fiction |
| 092 ## - LOCALLY ASSIGNED DEWEY CALL NUMBER (OCLC) | |
| Classification number | DVD |
| Item number | 27 |
| 245 00 - TITLE STATEMENT | |
| Title | 27 dresses |
| Medium | [videorecording] / |
| Statement of responsibility, etc | Fox 2000 Pictures ; Spyglass Entertainment present a Birnbaum/Barber production ; produced by Gary Barber, Roger Birnbaum, Jonathan Glickman ; written by Aline Brosh McKenna ; directed by Anne Fletcher. |
| 246 3# - VARYING FORM OF TITLE | |
| Title proper/short title | Twenty-seven dresses |
| 250 ## - EDITION STATEMENT | |
| Edition statement | Widescreen. |
| 260 ## - PUBLICATION, DISTRIBUTION, ETC. (IMPRINT) | |
| Place of publication, distribution, etc | Beverly Hills, Calif. : |
| Name of publisher, distributor, etc | 20th Century Fox Home Entertainment, |
| Date of publication, distribution, etc | 2008. |
| 300 ## - PHYSICAL DESCRIPTION | |
| Extent | 1 videodisc (111 min.) : |
| Other physical details | sd., col. ; |
| Dimensions | 4 3/4 in. |
| 538 ## - SYSTEM DETAILS NOTE | |
| System details note | DVD ; DTS HD 5.1 master lossless audio ; Dolby digital. |
| 500 ## - GENERAL NOTE | |
| General note | Blu-ray. |
| 546 ## - LANGUAGE NOTE | |
| Language note | In English with subtitles in Spanish, Cantonese, Mandarin and Korean ; closed-captioned. |
| 500 ## - GENERAL NOTE | |
| General note | Title from disc. |
| 511 1# - PARTICIPANT OR PERFORMER NOTE | |
| Participant or performer note | Katherine Heigl, Judy Greer, James Marsden, Edward Burns, Malin Akerman. |
| 508 ## - CREATION/PRODUCTION CREDITS NOTE | |
| Creation/production credits note | Director of photography, Peter James ; editor, Priscilla Nedd-Friendly ; music, Randy Edelman ; costume designer, Catherine Marie Thomas ; production designer, Shepherd Frankel. |
| 500 ## - GENERAL NOTE | |
| General note | 2008 DVD release of a 2007 film. |
| 521 8# - TARGET AUDIENCE NOTE | |
| Target audience note | Rated PG-13. |
| 520 ## - SUMMARY, ETC. | |
| Summary, etc | Jane has the kind of selflessness that everyone looks for in a friend. Lately the perennial bridesmaid has begun to feel as if something is missing in her life. Kevin is a local newspaper reporter who spots Jane racing between two receptions - one in Manhattan and the other in Brooklyn. He quickly surmises that her quirky tale may be just the story to get him into the big leagues. Jane butts heads with Kevin just as her younger sister, Tess, shows up in town. Now, Jane is prompted to reevaluate her priorities when her boss - with whom she is secretly in love - falls for her younger sister. As the bride-to-be makes plans to marry, she mistakenly assumes Jane will be happy to take part in the wedding. Jane finally comes to terms with her true feelings and her life begins to change in ways she never expected. |
| 500 ## - GENERAL NOTE | |
| General note | Special features: "The wedding party" featurette; "You'll never wear that again" featurette; "Jane's world" featurette; "The running of the brides" featurette; deleted scenes; inside look "What happens in Vegas;" trailers. |
| 650 #0 - SUBJECT ADDED ENTRY--TOPICAL TERM | |
| Topical term or geographic name as entry element | Bridesmaids |
| Geographic subdivision | New York (State) |
| -- | New York |
| Form subdivision | Drama. |
| 9 (RLIN) | 5843436 |
| 650 #0 - SUBJECT ADDED ENTRY--TOPICAL TERM | |
| Topical term or geographic name as entry element | Wedding costume |
| Geographic subdivision | New York (State) |
| -- | New York |
| Form subdivision | Drama. |
| 9 (RLIN) | 5843437 |
| 650 #0 - SUBJECT ADDED ENTRY--TOPICAL TERM | |
| Topical term or geographic name as entry element | Sisters |
| Geographic subdivision | New York (State) |
| -- | New York |
| Form subdivision | Drama. |
| 9 (RLIN) | 5843438 |
| 650 #0 - SUBJECT ADDED ENTRY--TOPICAL TERM | |
| Topical term or geographic name as entry element | Man-woman relationships |
| Geographic subdivision | New York (State) |
| -- | New York |
| Form subdivision | Drama. |
| 9 (RLIN) | 5714548 |
| 651 #0 - SUBJECT ADDED ENTRY--GEOGRAPHIC NAME | |
| Geographic name | Manhattan (New York, N.Y.) |
| Form subdivision | Drama. |
| 9 (RLIN) | 5739757 |
| 651 #0 - SUBJECT ADDED ENTRY--GEOGRAPHIC NAME | |
| Geographic name | Brooklyn (New York, N.Y.) |
| Form subdivision | Drama. |
| 9 (RLIN) | 5673980 |
| 655 #0 - INDEX TERM--GENRE/FORM | |
| Genre/form data or focus term | Romantic comedy films. |
| 9 (RLIN) | 5696851 |
| 655 #7 - INDEX TERM--GENRE/FORM | |
| Genre/form data or focus term | Comedy films. |
| Source of term | gsafd |
| 9 (RLIN) | 102658 |
| 655 #0 - INDEX TERM--GENRE/FORM | |
| Genre/form data or focus term | Fiction films. |
| 9 (RLIN) | 5674705 |
| 655 #7 - INDEX TERM--GENRE/FORM | |
| Genre/form data or focus term | Feature films. |
| Source of term | gsafd |
| 9 (RLIN) | 5843439 |
| 700 1# - ADDED ENTRY--PERSONAL NAME | |
| Personal name | Barber, Gary. |
| 9 (RLIN) | 69334 |
| 700 1# - ADDED ENTRY--PERSONAL NAME | |
| Personal name | Birnbaum, Roger. |
| 9 (RLIN) | 76579 |
| 700 1# - ADDED ENTRY--PERSONAL NAME | |
| Personal name | Glickman, Jonathan. |
| 9 (RLIN) | 69335 |
| 700 1# - ADDED ENTRY--PERSONAL NAME | |
| Personal name | McKenna, Aline Brosh. |
| 9 (RLIN) | 34280 |
| 700 1# - ADDED ENTRY--PERSONAL NAME | |
| Personal name | Fletcher, Anne, |
| Dates associated with a name | 1966- |
| 9 (RLIN) | 56122 |
| 700 1# - ADDED ENTRY--PERSONAL NAME | |
| Personal name | Heigl, Katherine. |
| 9 (RLIN) | 61851 |
| 700 1# - ADDED ENTRY--PERSONAL NAME | |
| Personal name | Greer, Judy, |
| Dates associated with a name | 1971- |
| 9 (RLIN) | 66806 |
| 700 1# - ADDED ENTRY--PERSONAL NAME | |
| Personal name | Marsden, James, |
| Dates associated with a name | 1973- |
| 9 (RLIN) | 65636 |
| 700 1# - ADDED ENTRY--PERSONAL NAME | |
| Personal name | Burns, Edward, |
| Dates associated with a name | 1968- |
| 9 (RLIN) | 43803 |
| 710 2# - ADDED ENTRY--CORPORATE NAME | |
| Corporate name or jurisdiction name as entry element | Fox 2000 Pictures. |
| 9 (RLIN) | 66278 |
| 710 2# - ADDED ENTRY--CORPORATE NAME | |
| Corporate name or jurisdiction name as entry element | Spyglass Entertainment (Firm) |
| 9 (RLIN) | 58996 |
| 710 2# - ADDED ENTRY--CORPORATE NAME | |
| Corporate name or jurisdiction name as entry element | Twentieth Century Fox Home Entertainment, Inc. |
| 9 (RLIN) | 61951 |
| 942 ## - ADDED ENTRY ELEMENTS (KOHA) | |
| Koha item type | DVD |
| 948 ## - LOCAL PROCESSING INFORMATION (OCLC); SERIES PART DESIGNATOR (RLIN) | |
| Series part designator, SPT (RLIN) | 05/10/2008 |
| z (OCLC) | Sirsi |
| 994 ## - | |
| -- | 02 |
| -- | WACOL |
| 996 ## - | |
| -- | 62721 |
| -- | 34301001612938 |
| -- | DVD |
| -- | DVD |
| -- | wcl |
| -- | o |
| -- | 168 |
| -- | 15.95 |
| -- | Amazon.com |
| -- | 27 |
| -- | 08/09/2010 |
| -- | 01/11/2020 |
| -- | 03/10/2020 |
| Withdrawn status | Lost status | Source of classification or shelving scheme | Damaged status | Not for loan | Collection code | Home library | Current library | Shelving location | Date acquired | Source of acquisition | Total Checkouts | Total Renewals | Full call number | Barcode | Date last seen | Date checked out | Cost, replacement price | Price effective from | Koha item type |
|---|---|---|---|---|---|---|---|---|---|---|---|---|---|---|---|---|---|---|---|
| Dewey Decimal Classification | Movies | Wasatch County Library | Wasatch County Library | Audio Visual Area | 06/16/2022 | Amazon | 12 | 16 | DVD 27 | 34301001892357 | 08/05/2025 | 07/15/2025 | 4.99 | 06/16/2022 | DVD |
